For the (Literary) Birds Quiz Stats

Quiz Updated Mar 6, 2012

Challenge
Share
Tweet
Embed
Score 0/24 Timer 07:00
0 Plays Today
Title Bird % Correct
The Ugly _____ Duckling
94.7%
To Kill a _____Mockingbird
94.4%
One Flew Over the _____'s NestCuckoo
89.3%
The _____Raven
86.7%
Tales of Mother _____Goose
81.6%
The Maltese _____Falcon
79.7%
The _____ Has LandedEagle
78.1%
The _____ BriefPelican
73.7%
The _____ and the PussycatOwl
60.7%
Lonesome _____Dove
57.5%
The Trumpet of the _____Swan
55.1%
Jonathan Livingston _____Seagull
47.8%
Title Bird % Correct
The Wings of the _____Dove
47.2%
Ode to a _____Nightingale
39.4%
Leda and the _____Swan
32.7%
An Occurrence at _____ Creek BridgeOwl
28.9%
Thousand _____sCrane
21.8%
The _____Seagull
16.6%
The Wild ____Duck
15.9%
Flaubert's _____Parrot
11.7%
The Song of the _____Lark
11.1%
To a _____Skylark
10.5%
Thirteen Ways of Looking at a _____Blackbird
9.6%
_____ IslandPenguin
6.9%

You're not logged in!

Compare scores with friends on all Sporcle quizzes.
Join for Free
OR
Log In

You Might Also Like...

Show Comments

Extras

Top Quizzes Today


Score Distribution

Your Account Isn't Verified!

In order to create a playlist on Sporcle, you need to verify the email address you used during registration. Go to your Sporcle Settings to finish the process.

Report this User

Report this user for behavior that violates our Community Guidelines.

Details: